Statistics for Countries where Arabic is an Official Language

Click here to take the quiz!

General Stats

  • This quiz has been taken 257 times
  • The average score is 24 of 27

Answer Stats

Arabic speaking Country% Correct
Egypt
98%
Iraq
97%
Morocco
97%
Saudi Arabia
97%
Algeria
96%
Sudan
95%
Oman
94%
Yemen
94%
Libya
93%
Bahrain
92%
Lebanon
92%
Qatar
92%
Tunisia
92%
United Arab Emirates
92%
Kuwait
91%
Jordan
90%
Syria
90%
Chad
88%
Somalia
88%
Mauritania
85%
Israel
83%
Mali
83%
Djibouti
79%
Eritrea
76%
Niger
75%
Comoros
54%
Palestine
48%

Score Distribution

Percentile by Number Answered

Percent of People with Each Score

Your Score History

You have not taken this quiz